Warsaw Pact Countries - Sudden Death - Statistics

General Stats
  • This quiz has been taken 254 times
  • The average score is 5 of 8
Answers on the Grid
Answers color-coded by a green-red scale on the quiz's grid according to % correct below.
Albania
Soviet Union
Romania
Bulgaria
Federal Republic of Germany
Czechoslovakia
Democratic Republic of Germany
Poland
Hungary
Yugoslavia
Ukraine
Georgia
Kazakhstan
Austria-Hungary
Cuba
Finland
North Korea
China
Mongolia
Türkiye
Greece
 
Answer Stats
Answer % Correct
Soviet Union
71%
Poland
69%
Czechoslovakia
60%
Hungary
60%
Romania
60%
Bulgaria
56%
Democratic Republic of Germany
50%
Albania
42%
No matching quizzes found
Score Distribution
Percent of People with Each Score
Percentile by Number Answered
Your Score History
You have not taken this quiz